[Event "C.to Provinciale MB"]
[Site "Barlassina ITA"]
[Date "2013.02.??"]
[Round "1"]
[White "Confalonieri, Luca"]
[Black "Falchi, Claudio"]
[WhiteElo "1636"]
[BlackElo "1874"]
[Result "0-1"]
[PlyCount "146"]
[EventDate "2013.02.01"]

1. e4 e6 2. d4 d5 3. exd5 exd5 4. Bd3 Bd6 5. Nc3 c6 6. Nf3 Ne7 7. O-O O-O 8.
Re1 Bf5 9. Bxf5 Nxf5 10. Qd3 Ne7 11. Ng5 Ng6 12. Bd2 Nd7 13. Ne2 Nf6 14. Qf5
Qc7 15. Nf3 Ne4 16. Ng3 Nxd2 17. Nxd2 Rfe8 18. Nf3 h6 19. Qg4 Bxg3 20. hxg3 Qb6
21. b3 Qb4 22. Qd7 Red8 23. Qg4 c5 24. Rad1 c4 25. Nh4 Nxh4 26. gxh4 Rac8 27.
Kh1 cxb3 28. cxb3 Rc2 29. Re2 Rdc8 30. Rde1 Rc1 31. Re8+ Rxe8 32. Rxc1 Re1+ 33.
Rxe1 Qxe1+ 34. Kh2 Qxf2 35. a3 Kh7 36. Qd1 Qxh4+ 37. Kg1 Qe4 38. Qd2 Qb1+ 39.
Kh2 Qxb3 40. Qa5 a6 41. Qc5 Qb5 42. Qc2+ g6 43. Qf2 Qd7 44. a4 Qf5 45. Qb2 Qd7
46. Qf2 h5 47. a5 Kg7 48. Qf4 f6 49. Qf3 Qf5 50. Qc3 Qf4+ 51. Kh1 Qf1+ 52. Kh2
Qc4 53. Qb2 Qc7+ 54. Kh1 g5 55. Qe2 Qc1+ 56. Kh2 Qf4+ 57. Kh1 Qe4 58. Qb2 Qe1+
59. Kh2 Qe7 60. Qb3 Qd7 61. Qf3 g4 62. Qf4 Qd8 63. Qd2 Qd6+ 64. Kh1 Qe6 65. Qb4
Kg6 66. Qb1+ f5 67. Kh2 h4 68. Qxb7 g3+ 69. Kh3 f4+ 70. Kxh4 Qf6+ 71. Kg4 Qf5+
72. Kf3 Kh5 73. Qg7 Qe4# 0-1

[Event "C.to Provinciale MB"]
[Site "Barlassina ITA"]
[Date "2013.02.??"]
[Round "1"]
[White "Conta, Diego"]
[Black "Capata, Ion"]
[WhiteElo "1678"]
[BlackElo "2136"]
[Result "0-1"]
[PlyCount "60"]
[EventDate "2013.02.01"]

1. e4 e5 2. f4 d6 3. Bc4 Nc6 4. Nf3 Be7 5. d3 Bg4 6. c3 exf4 7. Bxf4 Bf6 8.
Nbd2 Nge7 9. Qe2 Ng6 10. h3 Nxf4 11. Qf2 Bxf3 12. Nxf3 Ne5 13. Nxe5 dxe5 14.
O-O-O Bh4 15. Qf3 Qg5 16. Kb1 Qxg2 17. Qxg2 Nxg2 18. Rdg1 Nf4 19. Rxg7 O-O-O
20. Rxf7 Nxd3 21. Rg1 Rd6 22. Rgg7 Bd8 23. Rxh7 Rxh7 24. Rxh7 Nf2 25. Rh8 Nxe4
26. Kc2 Nf6 27. h4 e4 28. h5 Ng4 29. Re8 Ne3+ 30. Kb3 Rb6+ 0-1

[Event "C.to Provinciale MB"]
[Site "Barlassina ITA"]
[Date "2013.02.??"]
[Round "1"]
[White "Corso, Gabriele"]
[Black "Cavalieri, Riccardo"]
[WhiteElo "1792"]
[BlackElo "1694"]
[Result "1-0"]
[PlyCount "79"]
[EventDate "2013.02.01"]

1. e4 c5 2. Nf3 d6 3. Bb5+ Bd7 4. Bxd7+ Qxd7 5. O-O e5 6. c3 Nf6 7. Re1 Be7 8.
d4 cxd4 9. cxd4 exd4 10. Nxd4 O-O 11. Bf4 d5 12. Nf5 Bc5 13. Nc3 Bb4 14. Bxb8
Raxb8 15. Nxd5 Nxd5 16. Qg4 Qxf5 17. Qxf5 Bxe1 18. Rxe1 Nb4 19. a3 Nd3 20. Re2
Rbd8 21. g3 g6 22. Qb5 b6 23. Rd2 Nc5 24. Rxd8 Rxd8 25. Qc4 Rd1+ 26. Kg2 Rd2
27. b4 Ne6 28. Kf3 Ng5+ 29. Ke3 Rd8 30. Qc7 Re8 31. f3 f5 32. Qd7 Re5 33. Qd8+
Kf7 34. Qxg5 a5 35. Qf4 Kf6 36. Kd4 Re7 37. Qd6+ Re6 38. Qc7 fxe4 39. fxe4 axb4
40. e5+ 1-0

[Event "C.to Provinciale MB"]
[Site "Barlassina ITA"]
[Date "2013.02.??"]
[Round "1"]
[White "Greco, Umberto"]
[Black "Lapiccirella, Daniele"]
[WhiteElo "1702"]
[BlackElo "2193"]
[Result "0-1"]
[PlyCount "60"]
[EventDate "2013.02.01"]

1. c4 c6 2. Nf3 d5 3. b3 Nf6 4. g3 Bg4 5. Bg2 Nbd7 6. O-O e5 7. Bb2 Bd6 8. d3
O-O 9. Nc3 d4 10. Nb1 h6 11. Ba3 c5 12. Nfd2 Qc7 13. Ne4 Nxe4 14. Bxe4 f5 15.
Bg2 Rae8 16. Bc1 e4 17. f3 exf3 18. exf3 Bh5 19. Na3 a6 20. Qc2 f4 21. g4 Bg6
22. Rd1 Ne5 23. Bb2 Qe7 24. Kf2 Qh4+ 25. Kg1 Nxg4 26. fxg4 f3 27. Bxf3 Rxf3 28.
Qg2 Bxh2+ 29. Qxh2 Rg3+ 30. Qxg3 Qxg3+ 0-1

[Event "C.to Provinciale MB"]
[Site "Barlassina ITA"]
[Date "2013.02.??"]
[Round "1"]
[White "Megna, Giuseppe"]
[Black "Frigerio, Roberto"]
[WhiteElo "1862"]
[BlackElo "1629"]
[Result "1-0"]
[PlyCount "45"]
[EventDate "2013.02.01"]

1. d4 d5 2. c4 e6 3. Nc3 Nf6 4. Nf3 Bb4 5. Bg5 h6 6. Bxf6 Qxf6 7. e3 O-O 8. Qb3
c5 9. O-O-O Nc6 10. dxc5 Bxc5 11. cxd5 Na5 12. Qb5 b6 13. d6 a6 14. Qa4 Bb7 15.
Ne4 Bxe4 16. Qxe4 Rfd8 17. Bd3 Bxd6 18. g4 Rac8+ 19. Kb1 Rc5 20. h4 b5 21. g5
hxg5 22. hxg5 Qf5 23. Qh4 1-0

[Event "C.to Provinciale MB"]
[Site "Barlassina ITA"]
[Date "2013.02.??"]
[Round "1"]
[White "Montilli, Vincenzo"]
[Black "Mason, Giovanni"]
[WhiteElo "1971"]
[BlackElo "1656"]
[Result "1-0"]
[PlyCount "98"]
[EventDate "2013.02.01"]

1. d4 d5 2. c4 e6 3. Nc3 Nf6 4. cxd5 exd5 5. Bg5 Bd7 6. Bxf6 Qxf6 7. Nxd5 Qd6
8. Nc3 Qb4 9. Qd2 Nc6 10. Nf3 Bg4 11. e3 Bxf3 12. gxf3 O-O-O 13. Bh3+ Kb8 14.
O-O Qa5 15. a3 Bd6 16. Bg2 Qh5 17. h3 Na5 18. Qc2 Nc6 19. Ne4 Qg6 20. Qa4 Ne7
21. Qb5 c6 22. Qg5 f5 23. Qxg6 Nxg6 24. Nxd6 Rxd6 25. f4 Nh4 26. Kh2 h6 27. Bh1
g5 28. Kg3 Ng6 29. fxg5 hxg5 30. Bf3 Rh4 31. Rh1 f4+ 32. Kg2 Rh8 33. Bg4 Nh4+
34. Kf1 Rf8 35. Kg1 fxe3 36. fxe3 Re8 37. Kf2 Rf6+ 38. Ke2 Ng2 39. Rhf1 Rxe3+
40. Kd2 Rf4 41. Rxf4 gxf4 42. Rf1 Rb3 43. Kc2 Rg3 44. Kd2 Kc7 45. Rf3 Rxf3 46.
Bxf3 Kd6 47. Bxg2 Ke6 48. Be4 Kf6 49. Ke2 Kg5 1-0

[Event "C.to Provinciale MB"]
[Site "Barlassina ITA"]
[Date "2013.02.??"]
[Round "1"]
[White "Moroni, Luca jr"]
[Black "Ronconi, Fausto"]
[WhiteElo "2169"]
[BlackElo "1697"]
[Result "1-0"]
[PlyCount "63"]
[EventDate "2013.02.01"]

1. Nf3 d5 2. c4 e6 3. g3 Nf6 4. Bg2 dxc4 5. Qa4+ Bd7 6. Qxc4 Nc6 7. O-O Be7 8.
b3 Rb8 9. Bb2 b5 10. Qc1 O-O 11. d3 a5 12. a3 Nd5 13. Nbd2 Bf6 14. Ne4 Bxb2 15.
Qxb2 f5 16. Nc5 Nf6 17. Rac1 Qe7 18. Ne5 Nxe5 19. Qxe5 Qd6 20. d4 Bc8 21. Rfd1
Ng4 22. Qf4 Qxf4 23. gxf4 Nf6 24. Nd3 b4 25. axb4 Ba6 26. Nc5 Bxe2 27. Re1 Bh5
28. bxa5 Ne4 29. Nd7 Rxb3 30. Nxf8 Kxf8 31. a6 Ra3 32. Ra1 1-0

[Event "C.to Provinciale MB"]
[Site "Barlassina ITA"]
[Date "2013.02.??"]
[Round "1"]
[White "Sala, Pierluigi"]
[Black "Regorda, Vittorio"]
[WhiteElo "1454"]
[BlackElo "1812"]
[Result "1-0"]
[PlyCount "93"]
[EventDate "2013.02.01"]

1. d4 d5 2. Nf3 Nf6 3. Bg5 Nbd7 4. g3 c6 5. Bg2 g6 6. O-O Bg7 7. Re1 O-O 8.
Nbd2 h6 9. Bxf6 Nxf6 10. e4 dxe4 11. Nxe4 Nxe4 12. Rxe4 Bf5 13. Re2 Re8 14. c3
Qc7 15. Nh4 Bg4 16. Nf3 Rad8 17. Qb3 Rd5 18. a4 Rf5 19. Re3 Rh5 20. Nh4 Rd5 21.
Bxd5 cxd5 22. Qxd5 e6 23. Qg2 g5 24. Nf3 Bh5 25. Ne5 g4 26. Rae1 f6 27. Nd3 Bf7
28. Nc5 e5 29. Qxb7 Qxb7 30. Nxb7 Rb8 31. Nd6 Bg6 32. R1e2 Rd8 33. dxe5 fxe5
34. Ne4 h5 35. Rd2 Rb8 36. Rc2 Bh6 37. Ree2 a5 38. c4 Rb4 39. Kg2 Bf8 40. f3
Rb3 41. fxg4 hxg4 42. c5 Rb4 43. Nf6+ Kg7 44. c6 Bxc2 45. Rxc2 Be7 46. c7 Bxf6
47. c8=Q 1-0

[Event "C.to Provinciale MB"]
[Site "Barlassina ITA"]
[Date "2013.02.??"]
[Round "1"]
[White "Vezzosi, Paolo"]
[Black "Monticelli, Francesco"]
[WhiteElo "2287"]
[BlackElo "1738"]
[Result "1-0"]
[PlyCount "83"]
[EventDate "2013.02.01"]

1. d4 Nf6 2. c4 e5 3. dxe5 Ng4 4. Bf4 Nc6 5. Nf3 Bb4+ 6. Nc3 Qe7 7. Qd5 Bxc3+
8. bxc3 Qa3 9. Rc1 b6 10. h3 Nh6 11. Qd2 Nf5 12. e3 Bb7 13. Bd3 Nfe7 14. O-O
O-O-O 15. Ng5 Rdf8 16. Rfd1 Kb8 17. Rb1 h6 18. Nf3 Rd8 19. Rb3 Qc5 20. Rb5 Qa3
21. Rdb1 Ng6 22. Bg3 Qe7 23. Rd5 Nf8 24. c5 Ne6 25. cxb6 axb6 26. Rdb5 Nc5 27.
Bc2 g5 28. a4 Na7 29. R5b4 Na6 30. R4b2 Qc5 31. Nd4 Rhe8 32. Bd3 Qd5 33. e4 Qc5
34. a5 Qxa5 35. Ra2 Qc5 36. Bxa6 Bxe4 37. Bd3 Bd5 38. Rxa7 Kxa7 39. Rb5 Qa3 40.
Rxd5 Qa1+ 41. Kh2 c6 42. Rd6 1-0

[Event "C.to Provinciale MB"]
[Site "Barlassina ITA"]
[Date "2013.02.??"]
[Round "2"]
[White "Capata, Ion"]
[Black "Squillante, Michele"]
[WhiteElo "2136"]
[BlackElo "1739"]
[Result "1-0"]
[PlyCount "87"]
[EventDate "2013.02.01"]

1. d4 Nf6 2. c4 g6 3. Nc3 d5 4. Nf3 Bg7 5. Bg5 e6 6. e4 h6 7. Bxf6 Bxf6 8. exd5
exd5 9. Qe2+ Kf8 10. Nxd5 Bg4 11. Nxf6 Qxf6 12. Qe5 Kg7 13. Qxf6+ Kxf6 14. Ne5
Re8 15. f3 Bc8 16. O-O-O c5 17. f4 cxd4 18. Rxd4 Nc6 19. Nxc6 bxc6 20. Rd6+ Re6
21. Rxe6+ Bxe6 22. Be2 Rd8 23. b3 c5 24. Kc2 Bf5+ 25. Kc3 a5 26. Rd1 Rxd1 27.
Bxd1 Be4 28. g3 Ke6 29. a3 Kd6 30. b4 axb4+ 31. axb4 f6 32. Ba4 Bb7 33. Be8 g5
34. fxg5 fxg5 35. Kb3 Ba6 36. Bf7 Bb7 37. Ka4 cxb4 38. Kxb4 Bc6 39. c5+ Kc7 40.
Kc4 Bf3 41. Bd5 g4 42. Kd4 h5 43. Bxf3 gxf3 44. Ke3 1-0

[Event "C.to Provinciale MB"]
[Site "Barlassina ITA"]
[Date "2013.02.??"]
[Round "2"]
[White "Cavalieri, Riccardo"]
[Black "Greco, Umberto"]
[WhiteElo "1694"]
[BlackElo "1702"]
[Result "0-1"]
[PlyCount "130"]
[EventDate "2013.02.01"]

1. e4 d6 2. d4 Nf6 3. Nc3 g6 4. Nf3 Bg7 5. h3 O-O 6. Bd3 c5 7. d5 a6 8. a4 Nbd7
9. Bf4 Ne8 10. Qd2 Bh8 11. g4 Nc7 12. O-O Rb8 13. a5 b6 14. axb6 Rxb6 15. Na4
Rb8 16. Rfb1 Nb6 17. Nxb6 Rxb6 18. c3 Bd7 19. c4 Qb8 20. e5 Qb7 21. Ra3 Rb8 22.
b3 Ne8 23. Bc2 Qc8 24. Qe3 R8b7 25. Rd1 Ng7 26. Rda1 Ra7 27. Re1 h5 28. e6 Be8
29. gxh5 Nxh5 30. Bg5 f6 31. Bh4 Bg7 32. Kh1 f5 33. Qg5 Nf6 34. Rg1 Kh7 35.
Bxf5 Kh8 36. Bxg6 Bxg6 37. Qxg6 Qf8 38. Bxf6 Qxf6 39. Qh5+ Qh6 40. Qxh6+ Bxh6
41. Nh4 Bg7 42. f4 Bb2 43. Ra2 Rxb3 44. Kh2 Bf6 45. Ng2 a5 46. Re1 a4 47. Ne3
a3 48. Nc2 Rb2 49. Rxb2 Bxb2 50. Nxa3 Rxa3 51. Rf1 Rc3 52. Rb1 Rc2+ 53. Kg3 Bf6
54. Kf3 Rxc4 55. Rd1 Rd4 56. Rxd4 Bxd4 57. Ke4 Kg7 58. Kf5 c4 59. Ke4 Bf6 60.
Ke3 Kg6 61. Ke4 Kh5 62. Ke3 Kh4 63. Ke4 Kxh3 64. Kf3 c3 65. Ke2 Kg3 0-1

[Event "C.to Provinciale MB"]
[Site "Barlassina ITA"]
[Date "2013.02.??"]
[Round "2"]
[White "Falchi, Claudio"]
[Black "Sala, Pierluigi"]
[WhiteElo "1874"]
[BlackElo "1454"]
[Result "1-0"]
[PlyCount "41"]
[EventDate "2013.02.01"]

1. e4 c5 2. Nc3 e6 3. g3 Nc6 4. Bg2 Be7 5. d3 d6 6. f4 Bd7 7. Nf3 Qc7 8. O-O
Nd4 9. Be3 Nxf3+ 10. Qxf3 Bc6 11. Qf2 Nf6 12. h3 O-O 13. g4 Rfd8 14. g5 Ne8 15.
f5 exf5 16. exf5 Bxg2 17. Qxg2 Qc6 18. Nd5 Bf8 19. g6 hxg6 20. fxg6 f6 21. Qe4
1-0

[Event "C.to Provinciale MB"]
[Site "Barlassina ITA"]
[Date "2013.02.??"]
[Round "2"]
[White "Lapiccirella, Daniele"]
[Black "Corso, Gabriele"]
[WhiteElo "2193"]
[BlackElo "1792"]
[Result "1-0"]
[PlyCount "65"]
[EventDate "2013.02.01"]

1. d4 d5 2. c4 c6 3. Nf3 Nf6 4. e3 Bf5 5. Bd3 Bxd3 6. Qxd3 e6 7. O-O Nbd7 8.
Nbd2 Be7 9. e4 dxc4 10. Qxc4 O-O 11. e5 Nd5 12. Ne4 h6 13. Bd2 Rc8 14. Qa4 Qc7
15. Rac1 c5 16. Nxc5 Bxc5 17. dxc5 Nxe5 18. Nxe5 Qxe5 19. Rc2 b6 20. c6 Rc7 21.
Rfc1 Rfc8 22. h3 Qd6 23. b4 a6 24. Qxa6 Nxb4 25. Bxb4 Qxb4 26. Qd3 Qe7 27. Qb5
Rb8 28. a4 Qd8 29. Rb1 Qg5 30. a5 Qxb5 31. Rxb5 Rbc8 32. axb6 Rxc6 33. Rxc6 1-0

[Event "C.to Provinciale MB"]
[Site "Barlassina ITA"]
[Date "2013.02.??"]
[Round "2"]
[White "Mason, Giovanni"]
[Black "Burani, Eugenio"]
[WhiteElo "1656"]
[BlackElo "1860"]
[Result "0-1"]
[PlyCount "80"]
[EventDate "2013.02.01"]

1. e4 c5 2. Bc4 Nc6 3. Nc3 Nf6 4. Nf3 d6 5. d4 cxd4 6. Nxd4 g6 7. Bg5 Bg7 8.
Bxf6 Bxf6 9. Nde2 a6 10. O-O O-O 11. Rb1 Bg7 12. b4 b5 13. Bd5 Bb7 14. a3 Qc7
15. Bxc6 Bxc6 16. Nd4 e6 17. Qd3 Bb7 18. Rbd1 Rfd8 19. Nce2 Rac8 20. c3 d5 21.
f3 e5 22. Nb3 dxe4 23. Qc2 exf3 24. gxf3 Bd5 25. Nc5 Qb6 26. Kg2 Bc4 27. Rxd8+
Rxd8 28. Rd1 Rxd1 29. Qxd1 Bf8 30. Nd7 Qd6 31. Qxd6 Bxd6 32. Ng3 f5 33. Kf2 Kf7
34. h4 Ke7 35. Nb6 Be6 36. a4 Bc7 37. a5 Bxb6+ 38. axb6 Kd6 39. Ne2 Bc4 40. Ng3
Kc6 0-1

[Event "C.to Provinciale MB"]
[Site "Barlassina ITA"]
[Date "2013.02.??"]
[Round "2"]
[White "Megna, Giuseppe"]
[Black "Vezzosi, Paolo"]
[WhiteElo "1862"]
[BlackElo "2287"]
[Result "0-1"]
[PlyCount "48"]
[EventDate "2013.02.01"]

1. d4 Nf6 2. c4 e6 3. Nf3 c5 4. d5 exd5 5. cxd5 d6 6. Bg5 Be7 7. Nc3 O-O 8. e4
Re8 9. Bxf6 Bxf6 10. Nd2 Nd7 11. Qc2 a6 12. a4 Ne5 13. Be2 Bd7 14. O-O b6 15.
h3 Ng6 16. f4 Bd4+ 17. Kh2 Qh4 18. f5 Be5+ 19. Kh1 Qg3 20. Nf3 Nh4 21. Bd1 Nxf3
22. gxf3 Qxh3+ 23. Kg1 Bd4+ 24. Rf2 Bxf5 0-1

[Event "C.to Provinciale MB"]
[Site "Barlassina ITA"]
[Date "2013.02.??"]
[Round "2"]
[White "Monticelli, Francesco"]
[Black "Frigerio, Roberto"]
[WhiteElo "1738"]
[BlackElo "1629"]
[Result "0-1"]
[PlyCount "106"]
[EventDate "2013.02.01"]

1. e4 e5 2. Nf3 Nc6 3. Bc4 Nf6 4. Nc3 d6 5. O-O Be7 6. h3 O-O 7. d3 Be6 8. Bxe6
fxe6 9. Be3 d5 10. exd5 exd5 11. Bg5 d4 12. Ne2 Qd5 13. Ng3 Qe6 14. Re1 Bd6 15.
Ne4 Nxe4 16. Rxe4 Qf5 17. Qd2 Bb4 18. Qe2 Bd6 19. Rg4 Rf7 20. Bh4 Raf8 21. Ng5
Rd7 22. Ne4 Ne7 23. Rg5 Qe6 24. Rh5 Ng6 25. Rxh7 Nf4 26. Qd2 Qf5 27. Ng5 Be7
28. g3 Bxg5 29. Bxg5 Qxh7 30. Bxf4 exf4 31. Kg2 Qg6 32. Re1 fxg3 33. fxg3 Rdf7
34. Re2 Rf3 35. Qe1 Qc6 36. Kg1 Rf1+ 37. Qxf1 Rxf1+ 38. Kxf1 Qh1+ 39. Kf2 Qxh3
40. Re4 Qf5+ 41. Rf4 Qc5 42. Kf3 Qc6+ 43. Kg4 Qe6+ 44. Kg5 c5 45. Re4 Qf6+ 46.
Kh5 g6+ 47. Kh6 g5+ 48. Kh5 Kg7 49. Kg4 Kg6 50. Kh3 Kh5 51. Re8 g4+ 52. Kh2
Qf2+ 53. Kh1 Qxg3 0-1

[Event "C.to Provinciale MB"]
[Site "Barlassina ITA"]
[Date "2013.02.??"]
[Round "2"]
[White "Pino, Nicola"]
[Black "Moroni, Luca jr"]
[WhiteElo "1792"]
[BlackElo "2169"]
[Result "0-1"]
[PlyCount "106"]
[EventDate "2013.02.01"]

1. e4 c5 2. Nf3 d6 3. d4 Nf6 4. Nc3 cxd4 5. Nxd4 a6 6. Bg5 e6 7. Bd3 Be7 8. Qd2
Nbd7 9. O-O O-O 10. Rad1 Qc7 11. h3 b5 12. a3 Bb7 13. Kh1 Nc5 14. Qe2 h6 15.
Bc1 Nfd7 16. f4 Bf6 17. Be3 Rac8 18. Qg4 Qb8 19. f5 Ne5 20. Qg3 Kh8 21. fxe6
fxe6 22. Nde2 Qc7 23. Bxc5 dxc5 24. Nf4 Qe7 25. Nh5 Nxd3 26. cxd3 Bh4 27. Qg4
Bg5 28. h4 Be3 29. Qg3 g6 30. Nf4 Bxf4 31. Rxf4 Kg7 32. Rdf1 Rxf4 33. Qxf4 e5
34. Qg3 Rd8 35. Rf3 b4 36. axb4 cxb4 37. Ne2 Bc8 38. h5 g5 39. Re3 a5 40. Qf2
Qf7 41. Qxf7+ Kxf7 42. Kg1 Bg4 43. Ng3 a4 44. Kf2 a3 45. bxa3 bxa3 46. d4 Ra8
47. Re1 a2 48. Ra1 exd4 49. Nf5 Bxf5 50. exf5 Kf6 51. g4 Ke5 52. Ke2 Kf4 53.
Kd3 Kxg4 0-1

[Event "C.to Provinciale MB"]
[Site "Barlassina ITA"]
[Date "2013.02.??"]
[Round "2"]
[White "Regorda, Vittorio"]
[Black "Confalonieri, Luca"]
[WhiteElo "1812"]
[BlackElo "1636"]
[Result "1/2-1/2"]
[PlyCount "95"]
[EventDate "2013.02.01"]

1. d4 Nf6 2. c4 g6 3. g3 Bg7 4. Bg2 O-O 5. Nc3 d6 6. Nf3 Nc6 7. O-O Ne8 8. h3
e5 9. d5 Nd4 10. Bg5 Nxf3+ 11. exf3 Qxg5 12. Ne4 Qe7 13. Qb3 f5 14. Nc3 b6 15.
Rfe1 Qf7 16. Re2 Bd7 17. Rae1 Nf6 18. f4 e4 19. f3 Rae8 20. fxe4 Nxe4 21. Nxe4
fxe4 22. Rxe4 Rxe4 23. Rxe4 Re8 24. Kh2 Rxe4 25. Bxe4 Qe7 26. Qc2 Bf5 27. Bxf5
gxf5 28. b3 Bd4 29. h4 h5 30. Qd1 Qe3 31. Kh3 Qg1 32. Qf3 Kg7 33. Qg2 Qe1 34.
Qf3 Bf2 35. Kg2 Qg1+ 36. Kh3 Kh6 37. Qg2 Qe1 38. Qf3 Bxg3 39. Qxg3 Qh1+ 40. Qh2
Qf3+ 41. Qg3 Qf1+ 42. Kh2 Qe2+ 43. Kh3 Qg4+ 44. Kh2 Kg6 45. Qf2 Kf7 46. Kh1
Qh3+ 47. Kg1 Qg4+ 48. Kh2 1/2-1/2

[Event "C.to Provinciale MB"]
[Site "Barlassina ITA"]
[Date "2013.02.??"]
[Round "3"]
[White "Burani, Eugenio"]
[Black "Ronconi, Fausto"]
[WhiteElo "1860"]
[BlackElo "1697"]
[Result "1-0"]
[PlyCount "75"]
[EventDate "2013.02.01"]

1. e4 e6 2. d4 d5 3. e5 c5 4. c3 Nc6 5. Nf3 Bd7 6. a3 Rc8 7. Be2 cxd4 8. cxd4
Qa5+ 9. Nbd2 Nb4 10. O-O Nc2 11. Rb1 Ba4 12. b3 Bb5 13. b4 Qa6 14. Bxb5+ Qxb5
15. Bb2 Qd3 16. Rc1 Ne7 17. Ne1 Nxe1 18. Rxc8+ Nxc8 19. Rxe1 Be7 20. Re3 Qb5
21. Rc3 O-O 22. Rc7 Bg5 23. Nf3 Bh6 24. Bc1 Bxc1 25. Qxc1 Nb6 26. Qc5 Qxc5 27.
dxc5 Nc4 28. Rxb7 Nxa3 29. Rxa7 Nc2 30. b5 f6 31. b6 Nb4 32. b7 Nc6 33. Ra6 Rb8
34. Ra8 Kf7 35. Rxb8 Nxb8 36. Nd4 Ke7 37. c6 fxe5 38. c7 1-0

[Event "C.to Provinciale MB"]
[Site "Barlassina ITA"]
[Date "2013.02.??"]
[Round "3"]
[White "Confalonieri, Luca"]
[Black "Mason, Giovanni"]
[WhiteElo "1636"]
[BlackElo "1656"]
[Result "1-0"]
[PlyCount "69"]
[EventDate "2013.02.01"]

1. e4 c5 2. Nf3 Nc6 3. d4 cxd4 4. Nxd4 e5 5. Nf3 d6 6. Nc3 h6 7. Be3 Be6 8. Bb5
g5 9. Bxc6+ bxc6 10. Qe2 Be7 11. Rd1 Nf6 12. Nxe5 Qc7 13. Nc4 O-O 14. Bd4 Ne8
15. Ne3 c5 16. Ned5 Qb7 17. Be3 Bd8 18. b3 f5 19. exf5 Rxf5 20. Qc4 Ba5 21. Qe4
Qf7 22. O-O Bxc3 23. Nxc3 Rb8 24. Ne2 Bd5 25. Qd3 Re5 26. f4 Be4 27. fxe5 Qxf1+
28. Kxf1 Bxd3 29. Rxd3 dxe5 30. Bxc5 Rb7 31. Re3 Nf6 32. Rxe5 Rf7 33. Rf5 Ne4
34. Rxf7 Kxf7 35. Bxa7 1-0

[Event "C.to Provinciale MB"]
[Site "Barlassina ITA"]
[Date "2013.02.??"]
[Round "3"]
[White "Frigerio, Roberto"]
[Black "Corso, Gabriele"]
[WhiteElo "1629"]
[BlackElo "1792"]
[Result "0-1"]
[PlyCount "74"]
[EventDate "2013.02.01"]

1. e4 e5 2. Nf3 Nf6 3. Nc3 Nc6 4. Bb5 Nd4 5. O-O Nxb5 6. Nxb5 d6 7. Re1 Bg4 8.
d4 exd4 9. Bg5 Be7 10. Nbxd4 O-O 11. Qd3 h6 12. Bh4 Nd7 13. Bxe7 Qxe7 14. Nf5
Qf6 15. N5h4 Qxb2 16. Rab1 Qf6 17. Rxb7 Nc5 18. Qd5 Nxb7 19. Qxb7 Qc3 20. Qd5
Qxc2 21. h3 Be6 22. Qd4 Qxa2 23. Nd2 Qa5 24. e5 Qd5 25. Nhf3 dxe5 26. Qc3 f6
27. Qxc7 Rfc8 28. Qe7 a5 29. Qa3 a4 30. Nb1 Qb3 31. Qe7 a3 32. Nfd2 Qd5 33. Qb4
a2 34. Na3 Rxa3 35. Qxa3 Qxd2 36. Rf1 Qc3 37. Qa6 Bd5 0-1

[Event "C.to Provinciale MB"]
[Site "Barlassina ITA"]
[Date "2013.02.??"]
[Round "3"]
[White "Greco, Umberto"]
[Black "Megna, Giuseppe"]
[WhiteElo "1702"]
[BlackElo "1862"]
[Result "1-0"]
[PlyCount "103"]
[EventDate "2013.02.01"]

1. c4 Nf6 2. Nf3 g6 3. Nc3 Bg7 4. g3 O-O 5. Bg2 c5 6. O-O Nc6 7. d3 d6 8. Rb1
Ne8 9. Nd5 e6 10. Nc3 h6 11. Bd2 a5 12. Nb5 Rb8 13. Bc3 e5 14. Bd2 Be6 15. a3
Qd7 16. Nc3 Bh3 17. Nd5 Bxg2 18. Kxg2 Nc7 19. e4 f5 20. b4 axb4 21. axb4 Ne6
22. b5 Ncd4 23. Nxd4 Nxd4 24. Bc3 f4 25. Bxd4 f3+ 26. Kh1 exd4 27. Ra1 Rbe8 28.
Rg1 Be5 29. Qf1 Kh7 30. Ra7 Rf7 31. b6 Qg4 32. Nc7 Rb8 33. Na6 Rbf8 34. Nc7 Qc8
35. Ra8 Qd7 36. Ra7 Qc6 37. Nd5 h5 38. Qh3 Kg7 39. Rga1 h4 40. Ra8 hxg3 41.
hxg3 Bf6 42. Qg4 Bd8 43. Nf4 Rxf4 44. gxf4 Rh8+ 45. Kg1 Rh4 46. Qc8 Qxb6 47.
Qd7+ Kh6 48. Rxd8 Rxf4 49. Rh8+ Kg5 50. Qe7+ Rf6 51. Kh2 d5 52. Rg1+ 1-0

[Event "C.to Provinciale MB"]
[Site "Barlassina ITA"]
[Date "2013.02.??"]
[Round "3"]
[White "Monticelli, Francesco"]
[Black "Regorda, Vittorio"]
[WhiteElo "1738"]
[BlackElo "1812"]
[Result "1-0"]
[PlyCount "46"]
[EventDate "2013.02.01"]

1. e4 e6 2. d4 d5 3. exd5 exd5 4. Nf3 Nf6 5. Bg5 Be7 6. Bd3 O-O 7. O-O Bg4 8.
Nbd2 Nbd7 9. c3 c5 10. dxc5 Nxc5 11. Bc2 Rc8 12. Re1 Bd6 13. Qb1 h6 14. Bh4 g5
15. Bg3 Bxg3 16. fxg3 Re8 17. Rxe8+ Qxe8 18. Qe1 Qd7 19. Qf2 b6 20. Ne5 Qe6 21.
Nef3 Nfe4 22. Qd4 Nxd2 23. Qxd2 Re8 1-0

[Event "C.to Provinciale MB"]
[Site "Barlassina ITA"]
[Date "2013.02.??"]
[Round "3"]
[White "Montilli, Vincenzo"]
[Black "Lapiccirella, Daniele"]
[WhiteElo "1971"]
[BlackElo "2193"]
[Result "1/2-1/2"]
[PlyCount "37"]
[EventDate "2013.02.01"]

1. d4 d5 2. c4 c6 3. Nc3 Nf6 4. Nf3 e6 5. e3 Nbd7 6. Qc2 Bd6 7. b3 O-O 8. Bb2
e5 9. cxd5 cxd5 10. dxe5 Nxe5 11. Nxe5 Bxe5 12. Bd3 Be6 13. Nb5 Rc8 14. Qd2 Bb8
15. O-O Ne4 16. Bxe4 dxe4 17. Qxd8 Rcxd8 18. Nd4 Bc8 19. Rac1 1/2-1/2

[Event "C.to Provinciale MB"]
[Site "Barlassina ITA"]
[Date "2013.02.??"]
[Round "3"]
[White "Moroni, Luca jr"]
[Black "Falchi, Claudio"]
[WhiteElo "2169"]
[BlackElo "1874"]
[Result "1-0"]
[PlyCount "75"]
[EventDate "2013.02.01"]

1. Nf3 e6 2. c4 d5 3. g3 c6 4. b3 Nd7 5. d4 f5 6. Bg2 Bd6 7. O-O Qe7 8. a4 a5
9. Ba3 Bxa3 10. Nxa3 Ngf6 11. Nc2 O-O 12. Nce1 b6 13. Nd3 Bb7 14. Nfe5 c5 15.
cxd5 exd5 16. Nxd7 Nxd7 17. dxc5 Nxc5 18. Nxc5 Qxc5 19. Rc1 Qd6 20. Qd4 Rac8
21. Rfd1 Rxc1 22. Rxc1 Rd8 23. Bf3 Rd7 24. h4 Kf7 25. Bh5+ g6 26. Bf3 Qf6 27.
Qf4 Qd8 28. h5 d4 29. Bxb7 Rxb7 30. Rc6 d3 31. hxg6+ hxg6 32. Qc4+ Kg7 33. exd3
Rd7 34. Qe6 Kh8 35. Qxg6 Rh7 36. Qxf5 Rc7 37. Qe5+ Rg7 38. Rg6 1-0

[Event "C.to Provinciale MB"]
[Site "Barlassina ITA"]
[Date "2013.02.??"]
[Round "3"]
[White "Sala, Pierluigi"]
[Black "Pino, Nicola"]
[WhiteElo "1454"]
[BlackElo "1792"]
[Result "1-0"]
[PlyCount "95"]
[EventDate "2013.02.01"]

1. d4 d5 2. Nf3 c6 3. g3 Nf6 4. Bg2 Qc7 5. O-O Nbd7 6. Re1 e5 7. dxe5 Nxe5 8.
b3 Bd6 9. Bb2 O-O 10. Nbd2 Re8 11. Nxe5 Bxe5 12. Bxe5 Rxe5 13. Nf3 Re7 14. a3
Bf5 15. Rc1 Ne4 16. c4 dxc4 17. Rxc4 Qb6 18. e3 Rd8 19. Qc1 Rde8 20. Qb2 Nd6
21. Rd4 c5 22. Rd2 Qc7 23. Rc1 b6 24. Nd4 Be4 25. Nf3 Nf5 26. Rc4 Qb7 27. Ne1
Bxg2 28. Nxg2 g6 29. Nf4 Re6 30. Nxe6 fxe6 31. Qe5 Qg7 32. Qxg7+ Kxg7 33. Rd7+
Re7 34. Rxe7+ Nxe7 35. Kg2 Nd5 36. Rc2 Kf7 37. Rd2 Ke7 38. h4 h6 39. e4 Nf6 40.
f3 Nd7 41. f4 Nf6 42. Kf3 a5 43. a4 Ne8 44. e5 Nc7 45. Rd6 Nd5 46. g4 h5 47.
gxh5 gxh5 48. f5 1-0

[Event "C.to Provinciale MB"]
[Site "Barlassina ITA"]
[Date "2013.02.??"]
[Round "3"]
[White "Vezzosi, Paolo"]
[Black "Capata, Ion"]
[WhiteElo "2287"]
[BlackElo "2136"]
[Result "0-1"]
[PlyCount "78"]
[EventDate "2013.02.01"]

1. d4 d5 2. Nf3 Nf6 3. c4 e6 4. Nc3 h6 5. cxd5 exd5 6. Bf4 c6 7. e3 Bd6 8. Ne5
Bf5 9. Bd3 Bxd3 10. Qxd3 O-O 11. O-O Re8 12. h3 Bxe5 13. Bxe5 Nbd7 14. Bh2 Qe7
15. Rae1 Ne4 16. f3 Nxc3 17. bxc3 Qe6 18. g4 b5 19. Re2 a5 20. Qf5 Ra7 21. Bg3
Nb6 22. Kg2 Rae7 23. Qxe6 Rxe6 24. Kf2 Na4 25. Rc1 b4 26. cxb4 axb4 27. Ree1
Nb2 28. Ke2 Rxe3+ 29. Kd2 Nc4+ 30. Kc2 Rc3+ 31. Kd1 Nb2+ 32. Kd2 Nc4+ 33. Kd1
Rxe1+ 34. Bxe1 Rxf3 35. Bxb4 Rxh3 36. a4 Nb2+ 37. Ke2 Nxa4 38. Rxc6 Rb3 39. Be7
Rg3 0-1